Normal view
MARC view
Entry Topical Term
001 - CONTROL NUMBER
- control field: 16355
003 - CONTROL NUMBER IDENTIFIER
- control field: ARRUPE
005 - DATE AND TIME OF LATEST TRANSACTION
- control field: 20150313150615.0
008 - FIXED-LENGTH DATA ELEMENTS
- fixed length control field: 150313|| aca||aabn | a|a d
040 ## - CATALOGING SOURCE
- Original cataloging agency: ARRUPE
- Transcribing agency: ARRUPE
150 ## - HEADING--TOPICAL TERM
- Topical term or geographic name as entry element: English drama
- General subdivision: translators for foreign literature
670 ## - SOURCE DATA FOUND
- Source citation: Work cat.: (ARRUPE)0: Corrigan, Robert W. (Robert Willoughby), 1927-1993, editor. 16353, The new theatre of Europe;, 1962.